MDQL
is popping MORE tags! Check the
thread
!
Quizzes
Events
Quiz Creation
Community
Videos
Private Events
Remove Ads
Sign In
Join for FREE
Feedback
Dark Mode
Quiz Categories
Sports
Geography
Music
Movies
Television
Just For Fun
Miscellaneous
History
Literature
Language
Science
Gaming
Entertainment
Religion
Holiday
For Kids
Quiz Lab
Recent
Popular Today
Quiz Kudos Today
Editor Picks
Curator Picks
Quizzes by...
Day
Popularity
Type
Ratings
Length
Year
Community
Subscriptions
Recent Discussions
Orange Saloon
Badges
Playlists
Quests
Create
Leaderboards
Showdown
Live 5
Trivia Bingo
Activity
Puzzle Library
Sporcle Events
Private Events
Virtual Trivia
Globe League
Become a Host
Pub Owners
SporcleCon
Opinionation
Our Games
Videos
Blog
Mobile Apps
Partnerships
Remove Ads and Go Orange
Feedback
Music
Pop Music
The Beatles
Song
Album
Lyrics
Bands
Singers
Artist
Clip
Rock
Rap
Classical
Billboard
Country Music
Kpop
Taylor Swift
Music
Pop Music
The Beatles
Song
Album
Lyrics
Bands
Singers
Artist
Clip
Rock
Rap
Classical
Billboard
Country Music
Kpop
Taylor Swift
Random Quiz
Search Sporcle
×
Quiz Lab
Quiz Lab
Music
Numbers
Type in answers that appear in a list
Type in answers that appear in a list
Classic
Best Score? Go Orange.
Top 25 Underappreciated Guitarists Stats
Can you name the top 25 underappreciated guitarists according to Rolling Stone?
By
McP
8m
25 Questions
735 Plays
735 Plays
735 Plays
Comments
Comments
Give Quiz Kudos
Give Quiz Kudos
-
- Ratings
hide this ad
Replay
Link that replays current quiz
Next Quiz
Link to next quiz in quiz playlist
You Got
0%
They Got
Avg Score
30%
Avg Friend Score
Upgrade to see
Score Distribution
Jump to the score distribution portion of the page
Score
0/25
Timer
08:00
0
Plays Today
Number
Guitarist
% Correct
2
Kurt Cobain
79.5%
1
Prince
75%
4
George Harrison
67.3%
3
Neil Young
65.4%
5
Ace Frehley
55%
7
Lindsey Buckingham
43.9%
13
Mick Jones
38%
6
Mike McCready
37.8%
16
John Frusciante
35.2%
22
Billy Corgan
35%
8
Mick Taylor
32.8%
17
Izzy Stradlin
32.7%
14
Robert Fripp
32.1%
Number
Guitarist
% Correct
20
Robbie Robertson
30.3%
19
Vernon Reid
25.7%
21
Mick Ronson
22.6%
10
Johnny Greenwood
16.9%
11
Tom Verlaine
16.3%
15
Johnny Marr
16.2%
23
Elliott Smith
3.7%
9
Nels Cline
3.3%
18
Daniel Johns
2%
24
Eddie Hazel
2%
12
Carrie Brownstein
0.5%
25
Phil Keaggy
0.5%
Quiz Playlist
Details
Report
Send in Message
Add To Playlist
Classic:
Type in answers that appear in a list
Quiz Source
Last Updated: Mar 29, 2017
Quiz Scoreboard
CHALLENGE
Sign Up to Join the Scoreboard
Show All
Scores
Hide
Comments
May contain spoilers
Recently Published
Image Sorting: Flags VI
by Barbecue
Geography
2m
Find the 'City' Movie
by crazypaving
Movies
60s
Colored Red Africa Blitz
by spor1
Geography
45s
More to Explore
Quiz From the Vault
Featured Blog Post
14 Easter Pick-up Lines to Find Eggs With
hide this ad
You Might Also Like...
Tags
Numbers Quiz
Song Quiz
guitarist
Rolling
Rolling Stone
stone
Underappreciated
Today's Top Quizzes in Music
Browse Music
hide this ad
Today's Top Quizzes in Numbers
Browse Numbers
Top Contributed Quizzes in Music
1
5X2 Blitz: Bands II
2
5X2 Blitz: The Beatles
3
Taylor Swift All Songs (2024)
4
5X2 Blitz: Billboard
5
5X2 Blitz: Billboard II
6
5X2 Blitz: Album
7
Taylor Swift Logic Puzzle II
8
5X2 Blitz: Singers
9
5X2 Blitz: Rock
10
5X2 Blitz: Lyrics
Explore More
Trending Topics
Harry Potter
NBA
Disney
Kpop
Crossword
Anime
Marvel
Country
Soccer
Puzzle
The Office
WWE
Pokémon
NFL
Song
hide this ad
More By:
McP
Quiz
Plays
Rating
Category
Featured
Created
Top 25 Underappreciated Guitarists
735
2.88
Music
Dec 19, 2009
Top 25 Underappreciated Artists
565
5.00
Music
Dec 19, 2009
Go to Creator's Profile
Score Distribution
Quiz Creator Spotlight
McP
Follow
Send a Message
Quizzes Created
-
Created Quiz Play Count
-
More By This Creator
Popular Quizzes Today
1
Colored Red Africa Blitz
2
Find the US States - No Outlines Minefield
3
Find the 'City' Movie
4
5x2 Blitz: Bands
5
The Countries of the World
6
Find the US States
7
Find the Countries of Europe - No Outlines Minefield
8
US States
More Music Quizzes
Stray Kids members [speed quiz]
Quiz Lab
Trending Quizzes
Colored Red Europe Blitz I
Colored Red Europe Blitz II
Colored Red Africa Blitz II
Colored Red Europe Blitz III
Colored Red Africa Blitz III
Recently Updated
How Do You Spell That?
pecheneg
Godzilla Movies
pecheneg
Grab Bag: 4-10 Letters
pecheneg
2024 March Madness Bracket
pecheneg
Famous TV Couples
Peacemaker
Champions League XIs: Real Madrid
pecheneg
Largest US Cities 1790-2010
pecheneg
Rides in Walt Disney World
pecheneg
Most Oscar Losses (Acting)
pecheneg
Beyoncé Albums
pecheneg
Trending Topics
Anime
NBA
Disney
Harry Potter
Kpop
Marvel
Crossword
NFL
Puzzle
Song
Soccer
Pokémon
Country
The Office
WWE
Your Account Isn't Verified!
In order to create a playlist on Sporcle, you need to verify the email address you used during registration. Go to your
Sporcle Settings
to finish the process.
Report this User
Report this user for behavior that violates our
Community Guidelines
.
Details:
Send Report
Go to the Sporcle.com Mobile Site →
Comments